| 000 | 00000nas 2200000za 4500 |
| 001 | 9.817560 |
| 003 | CaOODSP |
| 005 | 20221107142515 |
| 007 | cr ||||||||||| |
| 008 | 160512d19521981oncar p oss f000#a0eng|d |
| 022 | |y0706-2028 |
| 040 | |aCaOODSP|beng |
| 041 | |aeng|afre |
| 043 | |an-cn--- |
| 086 | 1 |aCS52-207-PDF |
| 245 | 00|aRailway transport. |nPart 1, |pComparative summary statistics |h[electronic resource] = |bTransport ferroviaire. Partie 1, Statistiques comparatives sommaires. |
| 246 | 11|aTransport ferroviaire.|nPartie 1, |pStatistiques comparatives sommaires |
| 260 | |a[Ottawa] : |bStatistics Canada, Transportation Section = Statistique Canada, Section des transports, |c1954-1983. |
| 310 | |aAnnual |
| 362 | 0 |a1952-1981. |
| 500 | |aDigitized edition from print [produced by Statistics Canada]. |
| 520 | |aComparative summary statistics covering latest five-year period. Aggregates for all railways including, for the most part, information contained in Parts II-V. Also includes accident statistics. |
| 546 | |aText in English only, 1952-1970; text in English and French, 1971-1981. |
| 550 | |aIssued 1952, 1959-1964, 1966-1969 by Transportation Section; 1953-1958, 1965 by Transportation and Public Utilities Section; 1970-1972 by Statistics Canada, Transportation Section; 1973-1978 by Surface Transport Section; 1979-1981 by Surface and Marine Transport Section. |
| 692 | 07|2gccst|aRailway networks |
| 692 | 07|2gccst|aRail transport |
| 710 | 1 |aCanada. |bDominion Bureau of Statistics. |bTransportation Section. |
| 710 | 1 |aCanada. |bDominion Bureau of Statistics. |bTransportation and Public Utilities Section. |
| 710 | 2 |aStatistics Canada.|bTransportation Section. |
| 710 | 2 |aStatistics Canada.|bSurface Transport Section. |
| 710 | 2 |aStatistics Canada.|bSurface and Marine Transport Section. |
| 780 | 00|tStatistics of steam railways for the year ended December 31, ... |w(CaOODSP)9.817555 |
| 792 | |tRailway transport. |efre|w(CaOODSP)9.817581 |